The Hobbit: Q and A Quiz Stats

 Plays Quiz not verified by Sporcle

Challenge
Share
Tweet
Score 0/10 Timer 02:00
0 Plays Today
% Correct
'And can yer cook 'em?'
93.3%
'What of the Arkenstone of Thrain?
90.2%
'What were you doing in the forest?'
87.1%
Who are you and where do you come from, may I ask?'
83.8%
It like riddles, praps it does, does it?'
83.5%
'Who are you, and of what would you parley?'
81.5%
Who are these miserable persons?'
74.5%
'Where's old Galion, the butler?'
67.8%
'In what way have I earned such a gift, O hobbit?'
65.8%
'What message?'
55.5%

You're not logged in!

Compare scores with friends on all Sporcle quizzes.
OR
Log In

You Might Also Like...

Show Comments

Extras

Top Quizzes Today


Score Distribution

Your Account Isn't Verified!

In order to create a playlist on Sporcle, you need to verify the email address you used during registration. Go to your Sporcle Settings to finish the process.

Report this User

Report this user for behavior that violates our Community Guidelines.

Details: